000 00764nam a22002537a 4500
001 67122
003 UA-OsUOA
005 20191121162908.0
007 ta
008 20100211b un ||||| |||| 00| 0 ukr d
020 _a5-265-00086-0
040 _aUA-OsUOA
_brus
_cUA-OsUOA
_dUA-OsUOA
041 _arus
080 _a821.161.1
090 _a821.161.1
_bШ24
100 _aШаповал И.
245 _aВ поисках сокровищ: документальные рассказы
260 _aМ.
_bСоветский писатель
_c1989
300 _a464 с.
650 7 _a82 Література. Літературознавство
_2UDC
942 _cBK
_2udc
955 _a2
999 _c353313
_d353313